Miasta zaczynające się na B na mapie - Statystyki

Ogólne statystyki
  • Ten quiz został rozwiązany 86 razy
  • Średni wynik to 16 z 30
Odpowiedzi na mapie
Odpowiedzi zakodowano w zielono-czerwonej skali na mapie do tego quizu, zgodnie z poniższymi procentami.
 
Statystyki odpowiedzi
miasto % Poprawnych
Berlin
93%
Barcelona
85%
Bruksela
85%
Budapeszt
83%
Bukareszt
80%
Bogota
75%
Brasilia
75%
Belgrad
74%
Birmingham
74%
Boston
74%
Buenos Aires
73%
Bangkok
69%
Baku
65%
Bagdad
64%
Bejrut
62%
Bordeaux
62%
Bergen
49%
Brisbane
48%
Bamako
46%
Bologna
41%
Beijing
37%
Belo Horizonte
37%
Brazzaville
37%
Bloemfontein
30%
Busan
28%
Baltimore
27%
Belem
23%
Barranquilla
16%
Bengaluru
12%
Bandung
9%
Nie znaleziono quizów pasujących do podanych kryteriów
Rozkład punktacji
Procent ludzi z każdym wynikiem
Percentyl według liczby udzielonych odpowiedzi
Twoja historia wyników
Nie rozwiązałeś tego quizu